000 00394pab a2200169 454500
008 180718b2011 xxu||||| |||| 00| 0 eng d
100 _aSrivastava, Vivek Kumar
245 _aPandit Nehru and his view of history
260 _c2011
300 _ap.11-12.
362 _a19 Nov
650 _aHistory
650 _aNehru, Jawaharlal
773 _aMainstream
908 _aN
909 _a94393
999 _c94393
_d94393